Determinanten internationaler Direktinvestitionen <Eine> kritische Analyse traditioneller Theorieansätze

Salvato in:
Dettagli Bibliografici
Autore principale: Stehn, Jürgen
Natura: Libro
Lingua:tedesco
Pubblicazione: Kiel Institut für Weltwirtschaft 1990
Serie:Arbeitspapier Nr. 412
Tags: Aggiungi Tag
Nessun Tag, puoi essere il primo ad aggiungerne!!

MARC

LEADER 00000nam a2200000 4500
001 c025668
005 20250526080830.8
041 0 |a ger 
044 |a DE 
245 1 0 |a Determinanten internationaler Direktinvestitionen  |b <Eine> kritische Analyse traditioneller Theorieansätze  |c Jürgen Stehn 
264 1 |a Kiel  |b Institut für Weltwirtschaft  |c 1990 
300 |a 56 s. 
490 1 |a Arbeitspapier  |v Nr. 412 
830 0 |a Arbeitspapier  |v Nr. 412 
100 1 |a Stehn, Jürgen